Quizzes
Events
Quiz Creation
Community
Videos
Private Events
Remove Ads
Sign In
Join for FREE
Feedback
Dark Mode
Quiz Categories
Sports
Geography
Music
Movies
Television
Just For Fun
Miscellaneous
History
Literature
Language
Science
Gaming
Entertainment
Religion
Holiday
For Kids
Quiz Lab
Recent
Popular Today
Quiz Kudos Today
Editor Picks
Curator Picks
Quizzes by...
Day
Popularity
Type
Ratings
Length
Year
Community
Subscriptions
Recent Discussions
Orange Saloon
Badges
Playlists
Quests
Create
Leaderboards
Showdown
Live 5
Trivia Bingo
Activity
Puzzle Library
Sporcle Events
Private Events
Virtual Trivia
Globe League
Become a Host
Pub Owners
SporcleCon
Opinionation
Our Games
Videos
Blog
Mobile Apps
Partnerships
Remove Ads and Go Orange
Feedback
Just For Fun
Clickable
Get the Picture
Humor
Quick Pick
Word Ladder
Missing Word
Mixed Word
Blitz
Minefield
This or That
Alphabet
Color
Typing
Sporcle
Puzzle
Word Play
Follow That Line
Logic
Just For Fun
Clickable
Get the Picture
Humor
Quick Pick
Word Ladder
Missing Word
Mixed Word
Blitz
Minefield
This or That
Alphabet
Color
Typing
Sporcle
Puzzle
Word Play
Follow That Line
Logic
Random Quiz
Search Sporcle
×
Quiz Lab
Quiz Lab
Just For Fun
Kpop
Type in answers that appear in a list
Type in answers that appear in a list
Classic
Best Score? Go Orange.
Kpop Group Name Meanings Stats
Can you name the Kpop Group Name Meanings?
By
jenny_03
6m
23 Questions
876 Plays
876 Plays
876 Plays
Comments
Comments
Give Quiz Kudos
Give Quiz Kudos
-
- Ratings
hide this ad
More Info
Random Order
Randomize order of answers
Randomize order of answers
Replay
Link that replays current quiz
Next Quiz
Link to next quiz in quiz playlist
You Got
0%
They Got
Avg Score
27%
Avg Friend Score
Upgrade to see
Score Distribution
Jump to the score distribution portion of the page
Score
0/23
Timer
06:00
0
Plays Today
Group
Meaning
% Correct
B.A.P
Best Absolute Perfect
71%
BTOB
Born To Beat
68.8%
CN Blue
Code Name Blue
64.5%
AOA
Ace of Angels
50.1%
FT Island
Five Treasure Island
45.5%
2NE1
To Anyone
45.5%
Block B
Blockbuster
39.7%
MBLAQ
Music Boys Live In Absolute Quality
33.1%
C-
Clown
Crown Clown
26.6%
Z:EA
Children of Empire
25.6%
B1A4
Be The One, All For One
20%
NU'EST
New, Establish, Style, Tempo
19.4%
Group
Meaning
% Correct
U-
KISS
Ubiquitous Korean International Idol Super Star
18.5%
DBSK
Rising Gods of the East
17.4%
VIXX
Voice, Visual, Value in Excelsis
15.5%
M.I.B
Most Incredible Busters
13.8%
H.O.T
High-five of Teenagers
13.8%
HAM
Heart And Mind
7.2%
DMTN
Desire, Motivation, Timing, Now
6.6%
X-
5
Xenos 5
6.1%
The BOSS
The Boys Of Super Space
5.9%
F.Cuz
For Century Ultimate Zest
4.7%
EVOL
Effective Voice of Ladies
4.7%
Quiz Playlist
Details
Report
Send in Message
Add To Playlist
More Info:
HINT: Most of these are mainly acronyms
Classic:
Type in answers that appear in a list
Random Order:
Randomize order of answers
Last Updated: Feb 16, 2017
Quiz Scoreboard
CHALLENGE
Sign Up to Join the Scoreboard
Show All
Scores
Hide
Comments
May contain spoilers
Recently Published
TV Characters by Other Roles V
by ghcgh
Television
5m
Decade Duel: World Leaders
by jenniferyan
History
4m
Alphabetical 'K' Countries by Flag Minefield
by ylime102
Geography
3m
More to Explore
Quiz From the Vault
Featured Blog Post
15 Basketball Trivia Facts You Can Be March Mad About
hide this ad
You Might Also Like...
Tags
Kpop Quiz
group
Today's Top Quizzes in Just For Fun
Browse Just For Fun
hide this ad
Today's Top Quizzes in Kpop
Browse Kpop
Top Contributed Quizzes in Just For Fun
1
Seasons
2
Pick 6: Letters
3
Pick 6: Foods
4
Pick 6: Colors
5
Quick Pick: Spring Things
6
Four Seasons
7
Dragon Ball Z Logic Quiz
8
Erkennst du die Lieblingsgerichte der watsons?
9
Happy Tree Friends Logic Puzzle
10
Just Another 1-25 Logic Puzzle
Explore More
Trending Topics
NBA
Marvel
Kpop
Crossword
Harry Potter
Anime
Disney
Song
The Office
WWE
Soccer
NFL
Puzzle
Pokémon
Country
hide this ad
More By:
jenny_03
Quiz
Plays
Rating
Category
Featured
Created
Kpop Group Name Meanings
876
2.40
Just For Fun
Feb 23, 2013
Name Male Kpop Group, Member & Song (Audio)
700
2.33
Music
Jul 6, 2013
Kpop Featuring Artists
590
2.75
Just For Fun
Feb 11, 2013
Guess the Kpop Song (AUDIO)
420
1.00
Music
May 19, 2013
Go to Creator's Profile
Score Distribution
Quiz Creator Spotlight
jenny_03
Follow
Send a Message
Quizzes Created
-
Created Quiz Play Count
-
More By This Creator
Popular Quizzes Today
1
Countries of Asia Without Outlines Minefield
2
Find the US States - No Outlines Minefield
3
Pick 6: Fruits
4
The Countries of the World
5
Alphabetical 'K' Countries by Flag Minefield
6
Find the Countries of Europe - No Outlines Minefield
7
US States
8
Find the US States
More Just For Fun Quizzes
Anything but US States
Published
Trending Quizzes
Pick 6: Mountains
Pick 6: Harry Potter
Pick 6: Flags
Pick 6: NFL Teams
Pick 6: Movie Franchises
Recently Updated
Adaptations: Name the Title
pecheneg
NWSL Teams
pecheneg
Women's Final Four Teams by Year
bhenderson79
Presidents Quartet II
eogle
Anything But Clue(do)
eogle
Anything But Oceanian Capitals
eogle
Anything But 7
eogle
Anything But Thing
eogle
Word Ladder: February 29
pecheneg
Song Title Questions
pecheneg
Trending Topics
Crossword
Disney
Anime
NBA
Kpop
Harry Potter
Marvel
Pokémon
Puzzle
WWE
NFL
Soccer
Song
The Office
Country
Your Account Isn't Verified!
In order to create a playlist on Sporcle, you need to verify the email address you used during registration. Go to your
Sporcle Settings
to finish the process.
Report this User
Report this user for behavior that violates our
Community Guidelines
.
Details:
Send Report
Go to the Sporcle.com Mobile Site →
Comments